|
|
|
|
| LEADER |
00000nam a2200000 a 4500 |
| 001 |
vtls001395468 |
| 003 |
SK-MaSNL |
| 005 |
20260302071825.0 |
| 008 |
251113s1999 EE a ra est |
| 020 |
|
|
|a 9985007417
|c b.c.
|
| 035 |
|
|
|a SNK000349823
|
| 035 |
|
|
|a urn:nbn:sk:snk-am3hq6p
|
| 035 |
|
|
|a 05CDE8F7-6B56-44AC-AE11-EBDD73F0FA09
|
| 035 |
|
|
|a urn:nbn:sk:snk-am00ctfp
|
| 040 |
|
|
|a SNK
|b slo
|c SNK
|e AACR2
|
| 041 |
0 |
|
|a est
|
| 044 |
|
|
|a EE
|
| 080 |
|
|
|a 820-31=945.45
|2 1981
|
| 080 |
|
|
|a 820-93=945.45
|2 1981
|
| 100 |
1 |
|
|a Defoe, Daniel,
|d asi 1661-1731
|4 aut
|9 214516
|
| 245 |
1 |
|
|a Robinson Crusoe
|c Daniel Defoe ; illustreerinud Julek Heller ; [tolkinud Valter Rummel]
|
| 260 |
|
|
|a [Tallinn]
|b Koolibri
|c c1999
|e [Martin
|f Neografia]
|
| 300 |
|
|
|a 63 s.
|c 27 cm
|
| 490 |
1 |
|
|a Silmaring - klassikalised lood
|
| 650 |
0 |
7 |
|a romány detské anglické
|2 SNK
|9 295902
|
| 700 |
1 |
|
|a Heller, Julek
|4 ill
|9 295903
|
| 700 |
1 |
|
|a Rummel, Valter
|4 trl
|9 311970
|
| 830 |
|
0 |
|a Silmaring - klassikalised lood
|9 389991
|
| 919 |
|
|
|a 9985-0-0741-7
|
| 999 |
|
|
|c 1153821
|d 1155751
|
| 952 |
|
|
|t P60, <03>, [BOOK], {603}
|a SNK
|b SNK
|y PREZ
|7 0
|p 17A0251041
|o snkSB 62242
|i snkKSP 9125/2000
|0 0
|1 0
|4 0
|d 2000-09-08
|f 1
|l 0
|r 2025-04-11 00:00:00
|w 2026-02-24
|